000 00703 a2200205 4500
001 63722
005 20260407155935.0
008 260407a2025 arg spa d
003 AR-UNSa-BCEJYS
040 _aAR-UNSa-BCEJYS
_bspa
_cAR-UNSa-BCEJYS
080 _a347.6
_xDerecho de familia. derecho de sucesiones. herederos
245 1 0 _aRuptura de parejas
_pConvivencias. Matrimonios. Disolución. Divorcio
264 1 _aMendoza :
_b[s.e.]
_c2025
300 _a156 p.
_c21 cm.
041 _aspa
942 _cBK
590 _aniveau_biblio:m niveau_hierar:0
100 1 _aBenaroya, Sergio Gustavo
856 4 1 _uhttps://www.biblioeco.unsa.edu.ar/pmb/images/libros/L129429.jpg
_yImagen de portada
_qimage/jpeg
999 _c8282
_d8282